000 00470nam a2200169Ia 4500
008 240729s9999 xx 000 0 und d
022 _a1349-7006
245 0 _aCancer Science
260 _aUnited Kingdom
260 _bWiley
650 _a Internal medicine
650 _a Neoplasms. Tumors. Oncology. Including cancer and carcinogens
650 _aMedicine
856 _uhttps://doaj.org/toc/ad02de023fab4555b3d59727501b9eda
942 _2ddc
942 _cDOAJEJ
999 _c72628
_d72628
945 _a1
_bMadushi Gamage
_c1
_dMadushi Gamage